00000000nam##2200000za#4500
0019.604219
003CaOODSP
00520210624211449
007cr |||||||||||
008150406|1998||||xxc|||||o    f|0| 0 fre|d
040 |aCaOODSP|bfre
043 |an-cn---
0861 |aMP32-29/98-10F-PDF
1101 |aCanada.|bDéveloppement des ressources humaines Canada.
24513|aLa situation de l'emploi des jeunes au Canada : |h[ressource électronique]|bquelques explications et perspectives d’avenir / |cpar Claude Lavoie et Ali Béjaoui.
250 |a1ère éd., Internet
260 |aOttawa - Ontario : |bDéveloppement des ressources humaines Canada |c1999.
300 |a27p.|bfigures, graphiques, références, tableaux
4901 |aDocument de recherche|vR-98-10F
500 |a«Décembre 1998»--p.1 de 27.
5203 |aL'objectif de ce travail consiste à apporter des éléments de réponses aux interrogations soulevées quant à la situation de l'emploi des jeunes. Les deux premières parties de ce travail tentent d'expliquer pourquoi le taux de chômage des jeunes a continuellement été plus élevé et plus sensible aux variations du cycle économique que celui des adultes. La troisième partie aborde particulièrement la baisse de l'emploi chez les jeunes au cours des deux dernières décennies. Finalement, la quatrième partie jette un regard sur les perspectives d'avenir et les implications politiques.
546 |aAbstract in English.
590 |a12-31-Supp|b2012-07-06
69107|aEmploi|2gcpds
69107|aJeunesse|2gcpds
7201 |aLavoie, Claude
7201 |aBéjaoui, Ali
7760#|tLa situation de l'emploi des jeunes au Canada : |w(CaOODSP)9.625003
830#0|aDocument de recherche ;|vR-98-10F|w(CaOODSP)9.500897
85640|ahttp://publications.gc.ca|qPDF|s464 Ko|uhttps://publications.gc.ca/collections/Collection/MP32-29-98-10F.pdf|yR-98-10F